000 00903nmm a2200289 a 4500
001 ocm0002015556
003 TR-IsHL
005 20201028175933.0
008 181109s2016 tu tur
007 cr cn
020 _a9789758382750
035 _a2015556
_b(N$T)
050 0 4 _aPL248.A583
_bS8 2016
090 0 4 _aPL248.A583
_bS8 2016
100 1 _aAktaş, Metin
245 1 0 _aSürgün
_h[electronic resource] /
_cMetin Aktaş ; editör Devrim Tekinoğlu
250 _a2. Baskı
260 _aAnkara :
_bBengü Yayınları,
_c2016
300 _a392 p.
650 4 _aDil ve Edebiyat
650 4 _aLanguage and Literature
650 0 _aTürk romanı
650 0 _aTurkish fiction
650 7 _aLITERARY COLLECTIONS / Middle Eastern
_2bisacsh
700 1 _aTekinoğlu, Devrim
856 4 0 _uhttp://search.ebscohost.com/login.aspx?direct=true&scope=site&db=e011xww&AN=2015556
999 _c18907
_d18907